Les dérivés chimiques du caoutchouc naturel / (Record no. 90369)
[ view plain ]
| 000 -LEADER | |
|---|---|
| campo de control de longitud fija | 00680nam a2200217 i 4500 |
| 001 - NÚMERO DE CONTROL | |
| campo de control | 90369 |
| 003 - IDENTIFICADOR DE NÚMERO DE CONTROL | |
| campo de control | ES-MaACL |
| 005 - FECHA Y HORA DE LA ÚLTIMA TRANSACCIÓN | |
| campo de control | 20230906180426.0 |
| 007 - CAMPO FIJO DE DESCRIPCIÓN FÍSICA--INFORMACIÓN GENERAL | |
| campo de control de longitud fija | t| |
| 008 - DATOS DE LONGITUD FIJA--INFORMACIÓN GENERAL | |
| campo de control de longitud fija | 050120s1950 fr ||||1| fre d |
| 100 1# - ENTRADA PRINCIPAL--NOMBRE DE PERSONA | |
| Nombre de persona | Le Bras, J. |
| 9 (RLIN) | 70844 |
| 245 14 - MENCIÓN DEL TÍTULO | |
| Título | Les dérivés chimiques du caoutchouc naturel / |
| Mención de responsabilidad, etc. | par J. Le Bras y A. Delalande ; préface de Jacques Duchaux. |
| 260 ## - PUBLICACIÓN, DISTRIBUCIÓN, ETC. | |
| Lugar de publicación, distribución, etc. | París : |
| Nombre del editor, distribuidor, etc. | Dunod, |
| Fecha de publicación, distribución, etc. | 1950 ( |
| Fabricante | Chaix) |
| 300 ## - DESCRIPCIÓN FÍSICA | |
| Extensión | XVII, 485 p. ; |
| Dimensiones | 22 cm. |
| 490 1# - MENCIÓN DE SERIE | |
| Mención de serie | Materiaux de synthèse |
| 700 1# - ENTRADA AGREGADA--NOMBRE PERSONAL | |
| Nombre de persona | Delalande, A. |
| 9 (RLIN) | 43302 |
| 700 1# - ENTRADA AGREGADA--NOMBRE PERSONAL | |
| Nombre de persona | Duchaux, Jacques. |
| 9 (RLIN) | 45819 |
| 830 0# - PUNTO DE ACCESO ADICIONAL DE SERIE-TÍTULO UNIFORME | |
| Título uniforme | Materiaux de synthèse |
| 9 (RLIN) | 185566 |
| 852 ## - LOCALIZACIÓN | |
| Ubicación | ES-MaACL |
| Número de control de estantería | D-7696 |
| Sublocalización o colección | R.30029 |
| Estatus retirado | Estado de pérdida | Estado de daño | No para préstamo | Biblioteca de origen | Biblioteca actual | Ubicación en estantería | Fecha de adquisición | Fuente de adquisición | Total de préstamos | Signatura topográfica completa | Código de barras | Visto por última vez | Precio de reemplazo | Tipo de ítem Koha |
|---|---|---|---|---|---|---|---|---|---|---|---|---|---|---|
| Biblioteca del Ateneo de Madrid | Biblioteca del Ateneo de Madrid | Sala Valle Inclán | 17/01/2008 | D-7696 | 901094368 | 23/02/2023 | 23/02/2023 | Libro impreso |
